Cosecha de Pescadores /

Kaydedildi:
Detaylı Bibliyografya
Yazar: Rothe de Vallbona, Rima Gretel, 1931-
Materyal Türü: Bilinmiyor
Dil:Spanish
Baskı/Yayın Bilgisi: San José, Costa Rica : Editorial Costa Rica, 1986.
Konular:
Etiketler: Etiketle
Etiket eklenmemiş, İlk siz ekleyin!

MARC

LEADER 000000000a22000000004500
001 003197
020 |a 997723275X 
041 0 |a spa 
082 0 4 |a 3605 
100 1 |a Rothe de Vallbona, Rima Gretel,   |d 1931- 
245 1 0 |a Cosecha de Pescadores /   |c Rima Gretel Rothe de Vallbona. 
260 1 |a San José, Costa Rica :   |b Editorial Costa Rica,   |c 1986. 
300 |a 138 páginas 
650 4 |a LITERATURA COSTARRICENSE 
650 4 |a CUENTO 
999 |c 9484  |d 9484 
942 |c BK  |h 3605   |2 z